Manasik Swasthyar bicharya bishaysamuh/ (Record no. 11094)

MARC details
000 -LEADER
fixed length control field 00673nam a22002297a 4500
005 - DATE AND TIME OF LATEST TRANSACTION
control field 20201127143146.0
008 - FIXED-LENGTH DATA ELEMENTS--GENERAL INFORMATION
fixed length control field 201127b ||||| |||| 00| 0 eng d
020 ## - INTERNATIONAL STANDARD BOOK NUMBER
International Standard Book Number 9789389904567
040 ## - CATALOGING SOURCE
Original cataloging agency IN-DiNC
Transcribing agency IN-DiNC
041 ## - LANGUAGE CODE
Language code of sung or spoken text Assamese
082 ## - DEWEY DECIMAL CLASSIFICATION NUMBER
Classification number 362.2
Item number CHU
100 ## - MAIN ENTRY--PERSONAL NAME
Personal name Chutia, Daisy Rani
Relator term Author
245 ## - TITLE STATEMENT
Title Manasik Swasthyar bicharya bishaysamuh/
Statement of responsibility, etc. by Daisy Rani Chutia, Parul Bhuyan and Mridula Hazarika
250 ## - EDITION STATEMENT
Edition statement 1st ed.
260 ## - PUBLICATION, DISTRIBUTION, ETC.
Place of publication, distribution, etc. Dibrugarh:
Name of publisher, distributor, etc. Mahaveer publications,
Date of publication, distribution, etc. 2020
300 ## - PHYSICAL DESCRIPTION
Extent 191p.
650 ## - SUBJECT ADDED ENTRY--TOPICAL TERM
Topical term or geographic name entry element Education
650 ## - SUBJECT ADDED ENTRY--TOPICAL TERM
Topical term or geographic name entry element Mental health issues
700 ## - ADDED ENTRY--PERSONAL NAME
Personal name Bhuyan, Parul
Relator term Author
700 ## - ADDED ENTRY--PERSONAL NAME
Personal name Hazarika, Mridula
Relator term Author
942 ## - ADDED ENTRY ELEMENTS (KOHA)
Source of classification or shelving scheme Dewey Decimal Classification
Koha item type Books
Holdings
Withdrawn status Lost status Source of classification or shelving scheme Damaged status Not for loan Collection code Home library Current library Shelving location Date acquired Cost, normal purchase price Total Checkouts Full call number Barcode Date last seen Date last checked out Copy number Price effective from Koha item type
    Dewey Decimal Classification     Education Central Library, Naharkatiya College Central Library, Naharkatiya College General Stacks 27/11/2020 150.00 18 362.2 CHU 28519 08/08/2023 04/08/2023 2 27/11/2020 Books

Naharkatiya College © 2020. All rights reserved.

Powered By